[Event "94th ARG-ch Superior 2019"]
[Site "Buenos Aires"]
[Date "2019.09.19"]
[Round "4.2"]
[White "Dolezal, Cristian"]
[Black "Pichot, Alan"]
[Result "0-1"]
[WhiteElo "2414"]
[BlackElo "2600"]
[Annotator "TA"]
[PlyCount "68"]
[EventDate "2019.09.16"]
[EventType "tourn"]
[EventCountry "ARG"]

{[%evp 11,68,0,6,-12,0,-16,11,1,8,0,-4,-34,-23,-40,-33,-31,-24,-27,-27,-58,-12,-16,-15,-48,-60,-70,-7,-9,-9,-27,-27,-27,-28,-27,-28,-35,-24,-116,-133,-133,-126,-177,-189,-190,-182,-167,-169,-170,-177,-185,-194,-200,-186,-346,-342,-2057,-2011,-29981,-29977]} 1. Nf3 d5 2. e3 Nf6 3. b3 Bf5 4. Bb2 h6 5. Be2 e6 6. O-O Nbd7 7. d3 {A06: Réti Opening:1 Nf3 d5} (7. c4 c6 8. Nc3 Bd6 9. Rc1 a6 10. d3 O-O 11. Qd2 Qe7 12. Rfd1 Bh7 13. Qc2 e5 14. cxd5 cxd5 15. Qb1 {1-0 (49) Pridorozhni,A (2579)-Riazantsev,A (2651) Sochi 2016}) 7... Bd6 8. c4 Bh7 9. Nc3 {The position is equal.} O-O 10. Rc1 c6 11. cxd5 $146 ({Predecessor:} 11. Re1 Qe7 12. Bf1 e5 13. cxd5 cxd5 14. Nb5 Bb4 15. Re2 {½-½ (51) Meijers,V (2470)-Prohaszka,P (2501) Fermo 2010}) 11... exd5 12. Qd2 a5 13. Bd1 Qe7 14. Bc2 Ne5 15. Ne2 Nfg4 {Strongly threatening ...Nxf3+.} 16. Nxe5 Nxe5 17. Bxe5 Qxe5 {[%csl Gd6][%cal Re5h2]} 18. g3 f5 ({Better is} 18... g5 $15) 19. d4 $11 Qf6 20. h4 g5 21. hxg5 hxg5 22. Kg2 $1 Bg6 {...f4 is the strong threat.} 23. Rh1 Kg7 24. Rh3 (24. Rcg1 $11 {remains equal.}) 24... Bb4 $1 $17 {[%cal Rb4d2]} 25. Nc3 c5 $1 26. Qd3 {[#]} (26. Bb1 $17) 26... c4 $1 $19 {[%cal Rc4d3][%mdl 512]} 27. bxc4 dxc4 28. Qd2 {[#]} Qc6+ $1 29. d5 Qf6 $36 {[%mdl 2048] Black is on the roll.} 30. Bb1 Rh8 31. Rxh8 Rxh8 ({Stronger than} 31... Kxh8 32. g4 $11) 32. Qb2 $2 (32. Qd4 Qxd4 33. exd4) 32... Bf7 {And now ...Bxd5+! would win.} 33. a3 $2 {[#]} (33. Qd2) 33... Bxd5+ $1 {[%mdl 576] Pin} 34. e4 (34. Nxd5 Qxb2) 34... fxe4 {Accuracy: White = 34%, Black = 61%.} 0-1

[Event "94th ARG-ch Superior 2019"]
[Site "Buenos Aires"]
[Date "2019.09.19"]
[Round "4.3"]
[White "Peralta, Fernando"]
[Black "Tristan, Leonardo"]
[Result "0-1"]
[WhiteElo "2566"]
[BlackElo "2509"]
[Annotator "Igor RC"]
[PlyCount "130"]
[EventDate "2019.09.16"]
[EventType "tourn"]
[EventCountry "ARG"]
[TimeControl "40/5400+30:1800+30"]

{[%evp 0,36,17,17,24,1,1,1,1,-26,33,-47,-45,-61,-24,-37,-39,-39,23,33,27,16,21,16,46,45,28,18,18,-11,-22,-22,24,1,19,-66,-27,84,70]} 1. d4 Nf6 2. c4 e6 3. Nf3 d5 4. Nc3 Bb4 5. Qa4+ Nc6 6. e3 O-O 7. Qc2 Re8 8. Bd2 a6 9. a3 Bd6 10. h3 Bd7 11. Be2 dxc4 12. Bxc4 h6 13. O-O e5 14. Rae1 e4 15. Nh2 Bf5 16. f4 h5 17. Nf3 Bxf4 18. Nh4 Nxd4 19. Qd1 Bxh3 20. Rxf4 Bg4 21. Qc1 Ne6 22. Bxe6 Rxe6 23. Nf5 Bxf5 24. Rxf5 g6 25. Rf4 Ng4 26. Nxe4 g5 27. Rxg4 hxg4 28. Ng3 Qd3 29. Bc3 Rd8 30. e4 f6 31. Nh5 Qd6 32. Qe3 Rde8 33. Qf2 f5 34. Qxf5 Qb6+ 35. Kh2 Rf8 36. Qxg5+ Rg6 37. Qd5+ Kh7 38. Qd7+ Kg8 39. Qd5+ Kh7 40. Qd7+ Kg8 41. Bd4 Qa5 42. Qd5+ Qxd5 43. exd5 Rf5 44. Re5 Rxe5 45. Bxe5 Rh6 46. Kg3 Rxh5 47. Kf4 Kf7 48. Ke4 Rh1 49. Kf4 Rc1 50. Kxg4 Rc5 51. Kf4 Rxd5 52. Bxc7 Rd2 53. Be5 Rxg2 54. Ke3 Ke6 55. Bc3 Kd5 56. Kd3 Rh2 57. a4 Rg2 58. b3 Kc5 59. Bd2 Rg3+ 60. Kc2 Kd4 61. Bb4 Rg2+ 62. Kb1 b6 63. a5 b5 64. Kc1 Kd3 65. Kb1 Rg4 0-1

[Event "94th ARG-ch Superior 2019"]
[Site "Buenos Aires"]
[Date "2019.09.19"]
[Round "4.4"]
[White "Valerga, Diego"]
[Black "Krysa, Leandro"]
[Result "1/2-1/2"]
[WhiteElo "2418"]
[BlackElo "2519"]
[Annotator "TA"]
[PlyCount "74"]
[EventDate "2019.09.16"]
[EventType "tourn"]
[EventCountry "ARG"]

{[%evp 14,74,19,17,16,14,14,10,16,14,15,16,22,9,19,12,16,12,20,20,19,0,13,12,4,0,0,0,0,0,0,-10,7,-66,-22,-28,-11,-14,-14,-62,-64,-51,-35,-25,-33,-47,-8,-8,-8,-8,-8,-8,8,8,8,8,8,8,8,0,0,0,8]} 1. d4 Nf6 2. Nf3 d5 3. c4 e6 4. Nc3 c5 5. cxd5 Nxd5 6. g3 Nxc3 7. bxc3 cxd4 8. cxd4 Bb4+ {D41: Queen's Gambit Declined: Semi-Tarrasch with 5 cxd5} 9. Bd2 Bxd2+ 10. Qxd2 b6 11. Bg2 Bb7 12. O-O O-O 13. Rfd1 Nd7 14. a4 {[%cal Ba2a4,Ba4a5,Ba5a6][%mdl 32] [#]} Rc8 $146 ({Predecessor:} 14... Rb8 15. Qb4 Nf6 16. Rac1 Qd5 17. Rc7 Qd8 18. Rcc1 Qd5 19. Rc7 Qd8 20. Rcc1 {½-½ (20) Bu,X (2718)-Ma,Q (2629) Hangzhou 2018}) 15. a5 b5 16. a6 Bd5 17. Rdb1 Qb6 18. Qa5 Rb8 19. Ne5 Nxe5 $1 20. Bxd5 exd5 21. dxe5 Rfc8 22. Qd2 d4 23. Rb3 ({White should play} 23. Rb4 $11) 23... h6 24. e3 Rc4 25. exd4 Rxd4 26. Qe2 Rd5 27. Qe3 b4 28. Qxb6 Rxb6 $15 {[%mdl 4096] Endgame KRR-KRR} 29. Ra4 Rd4 30. Kg2 {The position is equal.} g5 31. Kf3 Kg7 32. Ke3 Rc4 33. Kd3 Rcc6 34. Rbxb4 Rxb4 35. Rxb4 Rxa6 36. Ke4 Ra2 37. f4 gxf4 {Accuracy: White = 63%, Black = 61%.} 1/2-1/2

[Event "94th ARG-ch Superior 2019"]
[Site "Buenos Aires"]
[Date "2019.09.19"]
[Round "4.5"]
[White "Flores, Diego"]
[Black "Perez, Maximiliano"]
[Result "1-0"]
[WhiteElo "2602"]
[BlackElo "2429"]
[Annotator "Igor RC"]
[PlyCount "103"]
[EventDate "2019.09.16"]
[EventType "tourn"]
[EventCountry "ARG"]
[TimeControl "40/5400+30:1800+30"]

{[%evp 0,25,20,20,31,1,19,-30,-17,-31,-14,-28,10,-30,1,9,0,12,15,0,21,1,17,-11,-11,-22,14,-6]} 1. Nf3 Nf6 2. c4 e6 3. g3 d5 4. Bg2 Be7 5. O-O O-O 6. b3 b6 7. Bb2 c5 8. Nc3 Bb7 9. e3 Qc8 10. Rc1 Rd8 11. d4 dxc4 12. bxc4 Ne4 13. Ne2 Nd7 14. Nf4 Nef6 15. d5 exd5 16. cxd5 Bd6 17. Nd4 Re8 18. Nf5 Bf8 19. Nh5 Qd8 20. Nhxg7 Bxg7 21. Nxg7 Kxg7 22. e4 Kf8 23. Re1 Qe7 24. e5 Bxd5 25. Qd2 Ng8 26. Bxd5 Rad8 27. e6 Ndf6 28. exf7 Qxf7 29. Rxe8+ Nxe8 30. Rd1 Qf5 31. Qd3 Ne7 32. Qxf5+ Nxf5 33. Rd3 Ke7 34. Be4 Rxd3 35. Bxd3 Ned6 36. g4 Nh6 37. h3 Nhf7 38. Kh2 h6 39. f4 Ke6 40. h4 c4 41. Bc2 b5 42. Bc3 Nd8 43. f5+ Ke7 44. g5 hxg5 45. hxg5 Nc6 46. f6+ Kf8 47. g6 b4 48. Bd2 a5 49. Bf4 Nf7 50. Be4 Ncd8 51. Bd5 c3 52. Bc7 1-0

[Event "94th ARG-ch Superior 2019"]
[Site "Buenos Aires"]
[Date "2019.09.19"]
[Round "4.6"]
[White "Acosta, Pablo Ismael"]
[Black "Scarella, Enrique Alejandro"]
[Result "1/2-1/2"]
[WhiteElo "2445"]
[BlackElo "2302"]
[Annotator "TA"]
[PlyCount "79"]
[EventDate "2019.09.16"]
[EventType "tourn"]
[EventCountry "ARG"]

{[%evp 16,79,16,24,33,17,41,37,39,40,50,53,47,38,80,44,65,53,49,58,58,60,62,54,73,75,73,40,38,17,22,0,0,0,0,0,0,0,0,0,54,0,14,-5,-19,-22,0,0,0,-58,0,-75,-59,-75,-40,-152,-46,-145,0,0,0,0,0,0,0,0]} 1. d4 Nf6 2. Nf3 g6 3. Bf4 Bg7 4. e3 O-O 5. Be2 c5 6. O-O cxd4 7. exd4 d5 8. h3 Nc6 9. c3 Bf5 {D02: 1 d4 d5 2 Nf3 sidelines, including 2...Nf6 3 g3 and 2...Nf6 3 Bf4} (9... b6 10. Nbd2 Bb7 11. Bd3 Re8 12. Re1 Nd7 13. a4 e5 14. dxe5 Ndxe5 15. Bb5 Re6 16. Nd4 Nxd4 17. cxd4 {1-0 (42) Aleksandrov,A (2585)-Burmakin,V (2494) St Petersburg 2018}) 10. Re1 Bxb1 $146 ({Predecessor:} 10... Rc8 11. Nbd2 h6 12. Nf1 g5 13. Bh2 Ne4 14. Ne3 Be6 15. Nd2 f5 16. Nxe4 fxe4 17. Bg4 {0-1 (44) Morales,A (1864)-Espinoza,F (2211) Managua 2015}) 11. Rxb1 e6 {White is slightly better.} 12. Bd3 Nd7 13. h4 Re8 14. h5 a6 15. Ne5 Ncxe5 16. dxe5 Nc5 17. Bc2 Rc8 18. Qg4 Nd7 19. Rbd1 f5 20. Qg3 gxh5 21. Bg5 Qc7 $1 22. Rd4 Nf8 $1 23. Bf6 Ng6 24. Qg5 Qf7 25. Bxg7 Qxg7 26. Bd1 h4 27. Bh5 Rf8 (27... Qe7 $11 28. Qh6 Qf8) 28. Rb4 (28. Bxg6 $14 Qxg6 29. Qxh4) 28... b5 29. a4 Rc4 {Strongly threatening ...Nf4.} 30. axb5 Rxb4 31. cxb4 axb5 32. f4 {[#]} (32. Bxg6 $11 hxg6 33. Ra1) 32... Qe7 (32... h3 $1 $15 {[%mdl 512]} 33. g3 (33. gxh3 Nxf4) 33... Qa7+ 34. Kh1 Kg7) 33. Qxe7 (33. Qh6 $1 $11 {remains equal.}) 33... Nxe7 $11 {[%mdl 4096] Endgame KRB-KRN} 34. Ra1 $1 Rc8 35. Be2 (35. Ra6 $1 $15) 35... Rc2 (35... Ng6 $17 {Hoping for ...Rc2.} 36. Bxb5 Rc2) 36. Bxb5 {[#]} ({White should play} 36. Ra8+ $1 $15 Kg7 37. Ra7) 36... Rxb2 ({Black should try} 36... Ng6 $1 $17 37. Ra2 Nxf4) 37. Bd7 {The position is equal.} Rxb4 38. Bxe6+ Kf8 39. Ra8+ Kg7 40. Ra7 {Accuracy: White = 50%, Black = 49%.} 1/2-1/2

[Event "94th ARG-ch Superior 2019"]
[Site "Buenos Aires"]
[Date "2019.09.20"]
[Round "5.1"]
[White "Scarella, Enrique Alejandro"]
[Black "Aguilar, Andres"]
[Result "0-1"]
[WhiteElo "2302"]
[BlackElo "2319"]
[Annotator "TA"]
[PlyCount "82"]
[EventDate "2019.09.16"]
[EventType "tourn"]
[EventCountry "ARG"]

{[%evp 13,82,24,20,0,22,0,12,0,8,0,0,0,0,0,0,-54,-54,-73,-77,-84,-69,-66,-22,-102,-97,-89,-103,-119,-107,-123,-118,-118,-85,-109,-113,-145,-102,-112,-105,-114,-89,-95,-90,-116,-108,-108,-108,-112,-105,-110,0,0,47,54,41,36,112,103,103,0,0,0,-6,-14,-7,-501,-491,-880,-849,-785,-390]} 1. d4 Nf6 2. Nf3 g6 3. g3 Bg7 4. Bg2 O-O 5. O-O d6 6. Re1 Nbd7 7. e4 e5 8. h3 {A49: 1 d4 Nf6 2 Nf3 g6 3 g3: Anti-King's Indian systems} (8. Nc3 b6 9. h3 Bb7 10. d5 Qe7 11. Bg5 h6 12. Be3 Rac8 13. Qd2 Kh7 14. Nh2 c6 15. dxc6 Rxc6 16. Ng4 {1-0 (37) Artemiev,V (2736)-Firouzja,A (2657) Astana 2019}) 8... c6 9. a4 Qc7 10. Nc3 {The position is equal.} b6 {[%cal Bb7b6,Bb6b5,Bb5b4][%mdl 32]} 11. d5 cxd5 $146 ({Predecessor:} 11... c5 12. Nb5 Qb8 13. c4 a6 14. Nc3 Ne8 15. Rb1 Nc7 16. Bf1 h6 {1-0 (37) Zeliakov,N (2171)-Bellini,F (2503) playchess.com INT 2003}) 12. Nb5 Qb8 13. exd5 a6 14. Na3 (14. Nc3 $11) 14... b5 $15 15. c4 b4 16. Nb1 Qc7 17. Nbd2 a5 18. Bf1 (18. Nb3 $1 $11 {keeps the balance.}) 18... Nc5 19. Nb3 Nfd7 20. Nxc5 Nxc5 21. Be3 Bd7 22. b3 h6 23. Rb1 Rae8 24. Nh2 Bf5 25. Rb2 Bc8 26. Rbe2 f5 27. Bg2 Kh7 28. f4 e4 29. Kh1 Bc3 30. Rg1 Qg7 31. Bf1 Nd3 (31... Rg8 $17 32. Reg2 Re7) 32. Reg2 $11 Bd4 33. Bxd4 Qxd4 34. Bxd3 $1 exd3 (34... Qxd3 $14 35. Qxd3 exd3) 35. Nf3 $16 Qc3 36. Ne1 (36. Rd2 $16) 36... Re3 37. Rd2 {[%cal Rd2d3]} Rfe8 $1 $36 {[%mdl 2048] [#] ...Re2 is the strong threat. Black has good play.} 38. Nxd3 R8e4 {Strongly threatening ...Rd4.} 39. Kg2 $2 {[%mdl 8192]} (39. Nf2 $1 $11 {and White is okay.}) 39... Rd4 $19 {Black is clearly winning.} 40. Re1 (40. Rf1 $142 Rdxd3 41. Rxd3 Rxd3 42. Qe1) 40... Rdxd3 41. Rxd3 Qxe1 {Accuracy: White = 46%, Black = 52%.} (41... Rxd3 $142 42. Re7+ {[#]} Kg8 $1 {[%mdl 512]}) 0-1

[Event "94th ARG-ch Superior 2019"]
[Site "Buenos Aires"]
[Date "2019.09.20"]
[Round "5.2"]
[White "Perez, Maximiliano"]
[Black "Acosta, Pablo Ismael"]
[Result "1/2-1/2"]
[WhiteElo "2429"]
[BlackElo "2445"]
[Annotator "TA"]
[PlyCount "59"]
[EventDate "2019.09.16"]
[EventType "tourn"]
[EventCountry "ARG"]

{[%evp 9,59,24,29,17,40,26,40,40,27,36,40,33,50,21,60,29,31,46,46,13,14,0,9,0,0,0,0,0,0,0,0,0,0,0,0,0,0,-4,0,0,0,0,0,0,0,0,0,0,0,0,0,0]} 1. e4 d6 2. d4 Nf6 3. Nc3 Nbd7 4. Nge2 e5 5. g3 c5 (5... Be7 6. Bg2 O-O 7. O-O Re8 8. h3 Bf8 9. g4 exd4 10. Qxd4 Nc5 11. Ng3 Nfd7 12. f4 c6 13. Qf2 Nxe4 14. Ncxe4 d5 15. Be3 dxe4 16. Nxe4 {0-1 (71) Grischuk,A (2737)-Bortnyk,O (2581) Doha 2016}) 6. dxc5 {B07: Pirc Defence: Miscellaneous Systems} dxc5 7. Bg2 c4 $146 ({Predecessor:} 7... Be7 8. O-O O-O 9. Nd5 a6 10. a4 Nxd5 11. exd5 f5 12. b3 {½-½ (39) Weimann,M (2179)-Gazic,J (2252) Werther 2009}) 8. O-O {White is slightly better.} Bc5 9. Nd5 O-O 10. Nec3 Nxd5 11. Qxd5 Bd4 12. Qxc4 Nb6 13. Qd3 Be6 $1 14. Nd5 Nxd5 {The position is equal.} 15. exd5 Bxd5 16. Bxd5 Qxd5 17. Be3 {[#] aiming for c3.} Rfd8 18. Bxd4 Qxd4 19. Qxd4 Rxd4 $11 {[%mdl 4096] Endgame KRR-KRR} 20. Rad1 Rad8 21. Rxd4 Rxd4 {KR-KR} 22. Re1 f6 23. Re3 Ra4 24. Rc3 Rxa2 25. Rc8+ Kf7 26. Rc7+ {[%mdl 64] [#] Double Attack} Kg6 27. Rxb7 a5 {[%cal Ba7a5,Ba5a4][%mdl 32]} 28. Kg2 a4 29. Kf3 h5 30. c4 {Accuracy: White = 77%, Black = 72%.} 1/2-1/2

[Event "94th ARG-ch Superior 2019"]
[Site "Buenos Aires"]
[Date "2019.09.20"]
[Round "5.3"]
[White "Krysa, Leandro"]
[Black "Flores, Diego"]
[Result "0-1"]
[WhiteElo "2519"]
[BlackElo "2602"]
[Annotator "TA"]
[PlyCount "68"]
[EventDate "2019.09.16"]
[EventType "tourn"]
[EventCountry "ARG"]

{[%evp 9,68,30,33,9,7,31,6,12,25,0,41,33,37,28,23,26,45,34,38,43,47,46,47,-40,26,39,34,36,35,-110,-117,-426,-421,-373,0,0,0,-510,-627,-619,-619,-516,-601,-561,-287,-262,-266,-266,-264,-285,-270,-285,0,0,0,0,0,0,0,-1434,-1413]} 1. d4 Nf6 2. c4 e6 3. Nc3 Bb4 4. Qc2 b6 5. e4 c5 6. d5 {E32: Nimzo-Indian: Classical (4 Qc2): 4...0-0} Qe7 7. Nge2 exd5 8. exd5 {The position is equal.} O-O 9. Bg5 (9. Bd2 d6 10. O-O-O Ng4 11. Be1 Nd7 12. Ng3 Ndf6 13. h3 Ne5 {1-0 (35) Zhou,J (2597)-Wei,Y (2743) Shenzhen 2017}) 9... h6 10. Bh4 d6 11. O-O-O Re8 12. f3 Nbd7 13. Ne4 $146 ({Predecessor:} 13. Bf2 Ne5 {½-½ (38) Miron,L (2487)-Ciorgovean,I (2220) Corund 2017}) 13... g5 14. Nxf6+ $1 Qxf6 15. Bf2 b5 16. h4 (16. Ng3 $14) 16... g4 (16... bxc4 $15 17. hxg5 Qxg5+ 18. Kb1 Rb8) 17. Ng3 $11 bxc4 18. Bxc4 Rb8 19. Qf5 (19. Ne4 $14 {keeps the upper hand.} Qe7 20. Bb3) 19... Qh8 $1 $17 20. Qxg4+ $2 {[%mdl 8192]} (20. Qc2 $17) 20... Kf8 $19 21. Bb3 {[#]} Ne5 $2 (21... Bc3 $1 $19 {[%mdl 512]} 22. Kb1 (22. bxc3 $2 Qxc3+ 23. Bc2 Ne5 $19) 22... Bxb2) 22. Qf4 $11 c4 $40 {[%mdl 128] Black has some attack.} 23. Ba4 $2 {[%mdl 8192]} (23. Bc2 $1 $11) 23... Ba3 $19 24. Bd4 Rxb2 {...c3 is the strong threat.} 25. Bxe8 c3 $1 26. Ba4 {White wants to play Ne4.} Bd7 27. Bb3 (27. Bxd7 Rd2+ 28. Kb1 c2+ 29. Ka1 cxd1=Q+ 30. Rxd1 Rxd1+ 31. Qc1 Rxc1#) (27. Bxe5 $2 dxe5 28. Qe4 Re2+ 29. Kb1 Rxe4 $19) 27... Rxb3+ $1 28. Kc2 Rb2+ 29. Kxc3 {[#] aiming for Rb1.} Ke7 $1 {( -> ...Qc8+)} ({Not} 29... Qh7 30. Ne4 $16) 30. Bxe5 Qc8+ $2 (30... dxe5 $19 31. d6+ Bxd6) 31. Kd3 $1 $11 {Intending Qf6+ and mate.} Qc2+ {[%mdl 64] Double Attack} 32. Ke3 {Threatening mate with Qf6+.} Qf2+ 33. Ke4 {White threatens Qf6+ and mate.} Qc2+ 34. Rd3 $2 {[%mdl 8192] [#]} (34. Ke3 $11 Qf2+ 35. Ke4 Qc2+ 36. Ke3 (36. Rd3 $2 Rb4+ {[%mdl 64] Skewer} 37. Ke3 Rxf4 $19)) 34... Rb4+ $1 {[%mdl 64] Skewer. Accuracy: White = 41%, Black = 84%.} 0-1

[Event "94th ARG-ch Superior 2019"]
[Site "Buenos Aires"]
[Date "2019.09.20"]
[Round "5.4"]
[White "Tristan, Leonardo"]
[Black "Valerga, Diego"]
[Result "1-0"]
[WhiteElo "2509"]
[BlackElo "2418"]
[Annotator "Igor"]
[PlyCount "135"]
[EventDate "2019.09.16"]
[EventType "tourn"]
[EventCountry "ARG"]
[TimeControl "40/5400+30:1800+30"]

{[%evp 0,15,28,21,21,5,5,17,16,-25,-6,-51,6,-7,16,15,15,14]} 1. d4 Nf6 2. c4 e6 3. Nc3 Bb4 4. Qc2 d5 5. cxd5 Qxd5 6. e3 c5 7. a3 Bxc3+ 8. bxc3 Nbd7 9. f3 Qc6 10. Bd3 e5 11. Bb2 c4 12. Be2 Nd5 13. Bc1 O-O 14. e4 Ne7 15. d5 Qa6 16. Be3 Ng6 17. g3 f5 18. Qa2 b5 19. a4 fxe4 20. fxe4 Qa5 21. Qb2 bxa4 22. Qb4 Qxb4 23. cxb4 Nf6 24. Bxc4 Nxe4 25. d6+ Rf7 26. Rxa4 Nxd6 27. Bxf7+ Nxf7 28. Ne2 a6 29. Nc3 Bb7 30. O-O Ne7 31. b5 axb5 32. Rxa8+ Bxa8 33. Bc5 Ng6 34. Nxb5 Ng5 35. Rb1 Be4 36. Rb4 Nh3+ 37. Kf1 Bf3 38. Nd6 h6 39. Rb8+ Kh7 40. Be3 Ne7 41. Re8 Ng6 42. Nf7 Bc6 43. Rd8 Bf3 44. Rd7 Kg8 45. Nd6 Nh8 46. Rc7 Ng5 47. Bxg5 hxg5 48. Re7 Ng6 49. Re8+ Kh7 50. Nf7 Bd5 51. Nxg5+ Kh6 52. Ne6 Bc6 53. Rd8 Ne7 54. Rd6 g6 55. Nd8 Bd5 56. Rd7 Bc4+ 57. Kf2 Nf5 58. Nf7+ Bxf7 59. Rxf7 Kg5 60. Kf3 e4+ 61. Ke2 Kg4 62. Rf6 Kh3 63. Rxg6 Kxh2 64. g4 Nh4 65. Rg8 Ng2 66. g5 Kg3 67. Rf8 Nh4 68. g6 1-0

[Event "94th ARG-ch Superior 2019"]
[Site "Buenos Aires"]
[Date "2019.09.20"]
[Round "5.5"]
[White "Pichot, Alan"]
[Black "Peralta, Fernando"]
[Result "0-1"]
[WhiteElo "2600"]
[BlackElo "2566"]
[Annotator "TA"]
[PlyCount "68"]
[EventDate "2019.09.16"]
[EventType "tourn"]
[EventCountry "ARG"]

{[%evp 9,68,-11,-4,-16,14,17,16,11,13,0,12,7,10,0,32,32,57,57,53,52,53,33,31,0,0,-249,-218,-234,-50,-299,-143,-155,-158,-147,-157,-159,-158,-151,-143,-254,-250,-238,-161,-401,-401,-581,-522,-723,-703,-703,-684,-648,-649,-1404,-1410,-1524,-1436,-5129,-3110,-2814,-2585]} 1. e4 e6 2. d3 d5 3. Nd2 Nf6 4. Ngf3 Be7 5. g3 O-O 6. Bg2 {C00: French: Unusual White 2nd moves} dxe4 7. dxe4 b6 8. e5 {The position is equal.} Nfd7 9. Ng5 $146 ({Predecessor:} 9. O-O Bb7 10. Qe2 Nc6 11. Rd1 Qc8 12. Nc4 Rd8 13. Bf4 {0-1 (62) Fernandez Borrego,P (2410)-Del Rio de Angelis,S (2512) Bilbao 2015}) 9... Bxg5 10. Bxa8 c6 $1 11. Ne4 Be7 12. Bf4 $1 {0-0 is the strong threat.} b5 13. Qg4 $1 Qa5+ 14. c3 b4 15. O-O {aiming for cxb4.} bxc3 16. b4 Bxb4 17. Nd6 $2 {[#]} (17. Rac1 $11 {and White has nothing to worry.}) 17... h5 $1 $19 {[%cal Rh5g4]} 18. Qg5 {[#]} f6 $2 ({Black should try} 18... Ba6 $1 $19 19. Rfc1 Ba3) 19. Qh4 $2 ({White must play} 19. Qg6 $15 Nxe5 20. Bxe5 Qxe5 21. Nxc8 Rxc8 22. Rab1) 19... Bxd6 (19... fxe5 20. Nc4 $17) (19... Ba6 $19 {is more deadly.} 20. Qh3 f5) 20. exd6 $17 Nb6 $36 {[%mdl 2048] Black has strong initiative.} 21. d7 Bxd7 {Strongly threatening ...e5.} ({Inferior is} 21... Nxa8 22. dxc8=N Rxc8 23. Qh3 $16) ({Much worse is} 21... N6xd7 $6 22. Rfc1 $11) (21... N8xd7 22. Bxc6 Nc4 23. Bg2 $11) 22. Bd6 Nxa8 23. Bxf8 Kxf8 24. Rab1 (24. Qd4 $17 Ke7 25. Rfc1) 24... Nb6 $19 25. Qd4 {Threatening Qd6+.} Qe5 ({Not} 25... Qxa2 26. Qd6+ Kf7 27. Qxb8 $16) 26. Qd3 $2 (26. Qxe5 {is the only way for White.} fxe5 27. Rfc1) 26... c5 27. a4 (27. Rfe1 {keeps fighting.} Qd5 28. Qxc3) 27... c4 {Black is clearly winning.} 28. Qd1 Bxa4 29. Qd8+ Kf7 {White must now prevent ...Nc6.} 30. Rbe1 Nc6 31. Qh8 Qd5 32. Re3 c2 33. f4 Qc5 34. Kf2 Nd5 {[%mdl 64] Pin. Accuracy: White = 41%, Black = 57%.} 0-1

[Event "94th ARG-ch Superior 2019"]
[Site "Buenos Aires"]
[Date "2019.09.20"]
[Round "5.6"]
[White "Bitelmajer, Martin"]
[Black "Dolezal, Cristian"]
[Result "*"]
[WhiteElo "2469"]
[BlackElo "2414"]
[Annotator "TA"]
[PlyCount "65"]
[EventDate "2019.09.16"]
[EventType "tourn"]
[EventCountry "ARG"]

{[%evp 15,65,43,57,43,72,61,98,76,77,65,108,49,90,60,85,87,85,57,60,26,25,9,15,-4,13,-2,8,-25,-6,-17,17,0,26,26,26,26,25,26,29,29,29,15,18,8,54,0,58,57,48,56,50,44]} 1. d4 e6 2. c4 f5 3. g3 Nf6 4. Bg2 d5 5. Nh3 c6 6. Qc2 Be7 7. O-O O-O 8. Nd2 Na6 9. a3 {A91: Classical Dutch: Early Deviations} (9. Nf4 Bd7 10. Nf3 Nc7 11. b3 Be8 12. Ne5 Nd7 13. Nf3 g5 14. Nd3 Bh5 15. Be3 Ne8 16. Rad1 h6 {½-½ (58) Mareco,S (2560)-Dolezal,C (2413) Buenos Aires 2010}) 9... Bd7 10. Nf3 Ne4 11. Nf4 {White is better.} Nc7 12. Nd3 Nd6 13. Nfe5 (13. c5 $16 Nf7 14. h4) 13... Be8 14. Bd2 $146 ({Predecessor:} 14. c5 Nf7 15. Nxf7 Bxf7 16. Bf4 {1-0 (49) Grinis,Y (2207)-Freckmann,M (2270) Germany 1999}) 14... Bh5 15. c5 Nf7 16. Ba5 Nxe5 17. dxe5 (17. Nxe5 {is interesting.} g5 18. e3 Bf6 19. Nd3 Qe7 20. f4) 17... Qd7 18. h4 Na6 19. Rfd1 Bg6 20. Qc3 Rab8 21. Rac1 Rfc8 22. Bb4 Qe8 23. Qd4 Nxb4 24. axb4 Bd8 25. Ra1 Ra8 26. Ra3 Bc7 27. Rda1 a6 28. Bh3 Rab8 29. Nf4 Qe7 30. g4 ({Better is} 30. Nxg6 $14 hxg6 31. f4) 30... Rf8 ({Black should play} 30... Qxh4 $11 31. Rg3 Re8) 31. h5 $14 {White is slightly better.} Be8 {White should prevent ...fxg4.} 32. Rg3 fxg4 33. Bxg4 {Accuracy: White = 32%, Black = 35%.} *